Foro: ponencias y conclusiones /

Bewaard in:
Bibliografische gegevens
Coauteurs: Costa Rica. Banco Popular y de Desarrollo Comunal, Costa Rica. Asamblea de Trabajadores del Banco Popular y de Desarrollo Comunal
Formaat: Texto
Gepubliceerd in: San José: Banco Popular y de Desarrollo Comunal
Tags: Voeg label toe
Geen labels, Wees de eerste die dit record labelt!

MARC

LEADER 00000 a a2200000 04500
001 31775
003
040
090 |a 198601  
110 |a Costa Rica. Banco Popular y de Desarrollo Comunal  
245 |a Foro: ponencias y conclusiones /  |c Costa Rica. Banco Popular y de Desarrollo Comunal  
260 |a San José:   |b Banco Popular y de Desarrollo Comunal  
300 |a 70 p.  
710 |a Costa Rica. Asamblea de Trabajadores del Banco Popular y de Desarrollo Comunal  
999 |c 5387  |d 5387